Music Quiz

Random Music Quiz

Grimes Kill V Maim Lyrics Quiz Stats

 Plays Quiz not verified by Sporcle

Challenge
Share
Tweet
Embed
Score 0/215 Timer 08:00
0 Plays Today
% Correct
I
97.6%
a
97.6%
I
97.6%
I
97.6%
the
97.6%
a
97.6%
and
97.6%
I
97.6%
I
97.6%
I
97.6%
I
97.6%
I
97.6%
a
97.6%
a
97.6%
and
97.6%
I
97.6%
I
97.6%
a
97.6%
I
97.6%
I
97.6%
I
97.6%
I
97.6%
I
97.6%
I
97.6%
the
97.6%
the
97.6%
a
97.6%
I
97.6%
a
97.6%
I
97.6%
the
97.6%
the
97.6%
a
97.6%
a
97.6%
And
97.6%
the
97.6%
the
97.6%
The
97.6%
I
96.7%
I
96.7%
I
96.7%
I
96.7%
I
96.7%
in
95.1%
in
95.1%
in
95.1%
in
95.1%
fight
93.5%
man
93.5%
fight
93.5%
man
93.5%
man
93.5%
man
92.7%
man
92.7%
was
91.9%
was
91.9%
do
91.9%
do
91.9%
do
91.9%
do
91.9%
do
91.9%
go
91.9%
can
91.1%
can
91.1%
can
91.1%
can
91.1%
was
91.1%
can
91.1%
can
91.1%
got
90.2%
I'm
90.2%
only
90.2%
% Correct
what
90.2%
got
90.2%
got
90.2%
I'm
90.2%
only
90.2%
what
90.2%
I'm
90.2%
only
90.2%
what
90.2%
what
90.2%
can
90.2%
I'm
89.4%
only
89.4%
I'm
89.4%
I'm
89.4%
only
89.4%
what
89.4%
But
87.8%
but
87.8%
But
87.8%
don't
87%
don't
87%
don't
87%
don't
87%
don't
87%
don't
87%
don't
87%
me
84.6%
B-E-H-A-V-E
84.6%
B-E-H-A-V-E
84.6%
behave
84.6%
behave
84.6%
behave
84.6%
behave
84.6%
behave
84.6%
behave
84.6%
You
82.9%
you
82.9%
of
82.9%
you
82.9%
you
82.9%
so
82.1%
you
82.1%
you
82.1%
know
78%
wicked
76.4%
war
74.8%
to
74.8%
to
74.8%
state
74%
to
74%
to
74%
indisposed
73.2%
all
73.2%
they
73.2%
Cause
73.2%
oh
73.2%
oh
73.2%
oh
73.2%
Cause
73.2%
Cause
73.2%
all
73.2%
Cause
73.2%
all
73.2%
all
73.2%
oh
72.4%
Oh
72.4%
Oh
72.4%
Never
69.9%
more
69.9%
it
69.9%
it
69.9%
% Correct
Looking
69.1%
for
68.3%
when
68.3%
mobster
67.5%
up
67.5%
declared
67.5%
high
66.7%
gave
65%
good
65%
places
64.2%
being
64.2%
free
63.4%
precious
63.4%
going
62.6%
party
62.6%
going
62.6%
going
62.6%
party
62.6%
get
61.8%
show
61.8%
going
61.8%
show
61.8%
us
61%
Arrest
59.3%
Are
56.1%
are
56.1%
Are
56.1%
are
56.1%
we
55.3%
We
55.3%
time
52%
people
51.2%
big
51.2%
people
51.2%
fire
50.4%
fire
50.4%
out
48%
that
47.2%
Italiana
46.3%
make
46.3%
make
46.3%
say
45.5%
bomb
45.5%
crazy
45.5%
despite
44.7%
friends
44.7%
it's
44.7%
it's
44.7%
touch
44.7%
touch
44.7%
it's
44.7%
wrong
42.3%
can't
42.3%
though
42.3%
Sometimes
41.5%
Even
41.5%
Eh
39%
eh
39%
eh
39%
prose
38.2%
right
37.4%
right
37.4%
maybe
35.8%
something
35%
em
34.1%
em
34.1%
mine
34.1%
bad
30.9%
did
28.5%
wanna
22%
die
18.7%

You're not logged in!

Compare scores with friends on all Sporcle quizzes.
Join for Free
OR
Log In

You Might Also Like...

Show Comments

Extras

Created Feb 2, 2016ReportNominate
Tags:grime, kill

Top Quizzes Today


Score Distribution

Your Account Isn't Verified!

In order to create a playlist on Sporcle, you need to verify the email address you used during registration. Go to your Sporcle Settings to finish the process.

Report this User

Report this user for behavior that violates our Community Guidelines.

Details: